00410nam a2200169Ia 4500008004100000020001800041050001600059100002300075245003000098245002600128260001500154260001600169260000900185300001600194300002000210300001000230170918s9999 xx 000 0 und d a9780312674885 bL566ar 1965 aL'Engle, Madeleine 4aThe arm of the starfish / cby Madeleine L'Engle. aNew York : bScholastic, c1965 a243 pages : billustrations : c21cm.